书目信息 |
| 题名: |
中日韩自由贸易区研究
|
|
| 作者: | 杨贵言 著 | |
| 分册: | ||
| 出版信息: | 北京 中国社会科学出版社 2005 |
|
| 页数: | 274页 | |
| 开本: | 21cm | |
| 丛书名: | ||
| 单 册: | ||
| 中图分类: | F752.733 | |
| 科图分类: | ||
| 主题词: | 自由贸易区--研究--中国、日本、韩国 | |
| 电子资源: | ||
| ISBN: | 7-5004-5005-2 | |
| 000 | 00766nam0 2200217 450 | |
| 001 | TS2006025466 | |
| 005 | 20061227110832.95 | |
| 010 | @a7-5004-5005-2@dCNY25.00 | |
| 100 | @a20060829d2005 ekmy0chiy0120 ea | |
| 101 | 0 | @achi |
| 102 | @aCN@b110000 | |
| 105 | @ay z 000yy | |
| 200 | 1 | @a中日韩自由贸易区研究@AZhong Ri Han Zi You Mao Yi Qu Yan Jiu@f杨贵言著@FYang Gui Yan Zhu |
| 210 | @a北京@c中国社会科学出版社@d2005 | |
| 215 | @a274页@d21cm | |
| 330 | @a本书采用经济学的分析方法、国际政治及国际关系结构法、历史学的叙利事法,对中日韩三国自由贸易区所存在的可能性和可行性进行分析。 | |
| 606 | 0 | @a自由贸易区@x研究@y中国、日本、韩国 |
| 690 | @aF752.733@v4 | |
| 701 | 0 | @a杨贵言@AYang Gui Yan@4著 |
| 801 | 0 | @aCN@b中图数据@c20061227 |
| 905 | @a10447@dF752.733@e17 | |
| 中日韩自由贸易区研究/杨贵言著.-北京:中国社会科学出版社,2005 |
| 274页;21cm |
| ISBN 7-5004-5005-2:CNY25.00 |
| 本书采用经济学的分析方法、国际政治及国际关系结构法、历史学的叙利事法,对中日韩三国自由贸易区所存在的可能性和可行性进行分析。 |
| ● |
| 相关链接 |
|
|
|
|
正题名:中日韩自由贸易区研究
索取号:F752.733/17
 
预约/预借
| 序号 | 登录号 | 条形码 | 馆藏地/架位号 | 状态 | 备注 |
| 1 | 0603160 | 206031603 | 第一样本阅览室/ [索取号:F752.733/17] | 在馆 | |
| 2 | 0603161 | 206031612 | 第一借阅区/ [索取号:F752.733/17] | 在馆 | |
| 3 | 0603162 | 206031621 | 第一借阅区/ [索取号:F752.733/17] | 在馆 | |
| 4 | 0603163 | 206031630 | 第一借阅区/ [索取号:F752.733/17] | 在馆 | |
| 5 | 0603164 | 206031649 | 第一借阅区/ [索取号:F752.733/17] | 在馆 |